| 000 | 00732nam a22002292i 4500 | ||
|---|---|---|---|
| 001 | 15291 | ||
| 003 | BD-RjUL | ||
| 005 | 20211208235803.0 | ||
| 008 | 140209r19631956enka 001 0 eng d | ||
| 035 | _a(BD-RjUL)15345 | ||
| 040 |
_aFXG _cFXG _dEQO _dBD-RjUL _beng |
||
| 041 | _aeng | ||
| 082 |
_a658.1552 _bINS 1963 |
||
| 090 |
_aHF5686.C8 _b20 |
||
| 110 | 2 |
_aInstitute of Chartered Accountants in England and Wales. _944141 |
|
| 245 | 1 | 0 |
_aStandard costing : _ban introduction to the accounting processes / |
| 260 |
_aLondon : _bInstitute of Chartered Accountants in England and Wales, _cc1956 [ Reprinted 1963]. |
||
| 300 |
_a101 p. ; _c22 cm. |
||
| 504 | _aIncludes index. | ||
| 650 | 0 |
_aCost Analysis _947537 |
|
| 942 |
_2ddc _cBK |
||
| 999 |
_c15291 _d15291 |
||